Services Marketing : (Record no. 201250)
[ view plain ]
| 000 -LEADER | |
|---|---|
| fixed length control field | 00690nam a2200205Ia 4500 |
| 005 - DATE AND TIME OF LATEST TRANSACTION | |
| control field | 20220216161121.0 |
| 008 - FIXED-LENGTH DATA ELEMENTS--GENERAL INFORMATION | |
| fixed length control field | 210716s2010 xx 000 0 und d |
| 020 ## - INTERNATIONAL STANDARD BOOK NUMBER | |
| International Standard Book Number | 9780070616318 |
| 040 ## - CATALOGING SOURCE | |
| Transcribing agency | AIMIT LIBRARY |
| 041 ## - LANGUAGE CODE | |
| Language code of text/sound track or separate title | eng |
| 082 ## - DEWEY DECIMAL CLASSIFICATION NUMBER | |
| Classification number | 658.804 |
| Edition number | 2 |
| Item number | NARR |
| 100 ## - MAIN ENTRY--PERSONAL NAME | |
| Personal name | Nargundkar, Rajendra. |
| 9 (RLIN) | 20391 |
| 245 ## - TITLE STATEMENT | |
| Title | Services Marketing : |
| Remainder of title | text and cases / |
| Statement of responsibility, etc. | By Rajendra Nargundkar. |
| 250 ## - EDITION STATEMENT | |
| Edition statement | 2nd ed. |
| 260 ## - PUBLICATION, DISTRIBUTION, ETC. | |
| Place of publication, distribution, etc. | New Delhi : |
| Name of publisher, distributor, etc. | Tata McGraw Hill Publishing Company Ltd , |
| Date of publication, distribution, etc. | 2010. |
| 300 ## - PHYSICAL DESCRIPTION | |
| Extent | Xx, 451p. ; |
| Dimensions | 24 cm. |
| 650 ## - SUBJECT ADDED ENTRY--TOPICAL TERM | |
| Topical term or geographic name entry element | Embedded software tools market changes licensing model |
| 9 (RLIN) | 20392 |
| 650 ## - SUBJECT ADDED ENTRY--TOPICAL TERM | |
| Topical term or geographic name entry element | Business process reengineering |
| 9 (RLIN) | 20393 |
| 942 ## - ADDED ENTRY ELEMENTS (KOHA) | |
| Source of classification or shelving scheme | Dewey Decimal Classification |
| Koha item type | Book |
| Edition | 2nd |
| Call number prefix | 658.804 NARR |
| Withdrawn status | Lost status | Damaged status | Not for loan | Collection code | Home library | Current library | Date acquired | Source of acquisition | Total Checkouts | Full call number | Barcode | Date last seen | Price effective from | Koha item type | Source of classification or shelving scheme | Inventory number | Cost, normal purchase price | Cost, replacement price |
|---|---|---|---|---|---|---|---|---|---|---|---|---|---|---|---|---|---|---|
| MCA | St Aloysius Institute of Management & Information Technology | St Aloysius Institute of Management & Information Technology | 07/16/2021 | Donated | 658.804 NARR | MCA01399 | 07/21/2025 | 07/16/2021 | Book | |||||||||
| MCA | St Aloysius Institute of Management & Information Technology | St Aloysius Institute of Management & Information Technology | 07/16/2021 | Donated | 658.804 NARR | MCA02205 | 07/21/2025 | 07/16/2021 | Book | |||||||||
| MBA | St Aloysius Institute of Management & Information Technology | St Aloysius Institute of Management & Information Technology | 07/16/2021 | 658.804 NARR | MBA03816 | 05/23/2026 | 07/16/2021 | Book | Dewey Decimal Classification | Bill no:; Bill dt:1900-01-00 | ||||||||
| MBA | St Aloysius Institute of Management & Information Technology | St Aloysius Institute of Management & Information Technology | 08/16/2006 | 658.804 NARR | MBA03986 | 05/23/2026 | 07/16/2021 | Book | Dewey Decimal Classification | Bill no:7026; Bill dt:2006-08-07 | 325.00 | 260.00 | ||||||
| MBA | St Aloysius Institute of Management & Information Technology | St Aloysius Institute of Management & Information Technology | 01/02/2008 | 658.804 NARR | MBA04652 | 05/23/2026 | 07/16/2021 | Book | Dewey Decimal Classification | Bill no:8013; Bill dt:2007-12-18 | 350.00 | 280.00 |